Países mediterráneos con un mapa vacío - Estadísticas

Estadísticas generales
  • Esta prueba ha sido intentada 10.402 veces
  • La puntuación promedio es 19 de 21
Respuestas en el mapa
Las respuestas están codificadas por una escala verde-roja en el mapa de la prueba según el % correcto abajo.
 
Estadísticas de respuestas
País % Correcto
España
100%
Italia
100%
Francia
99%
Grecia
99%
Marruecos
97%
Croacia
96%
Egipto
96%
Turquía
96%
Argelia
95%
Albania
94%
Bosnia y Herzegovina
92%
Chipre
92%
Túnez
92%
Libia
91%
Montenegro
91%
Israel
90%
Malta
89%
Eslovenia
86%
Siria
84%
Líbano
83%
Mónaco
77%
No se encontraron pruebas coincidentes
Distribución de puntuación
Porcentaje de gente con cada puntuación
Porcentaje por número respondido
Historial de tus puntuaciones
No has intentado esta prueba.